000 00778nam a2200265 4500
001 29683
003 BD-RjUL
005 20211209051438.0
008 140406r19541932enk b 001 0 eng
035 _a(BD-RjUL)29768
040 _aDLC
_cDLC
_dDLC
_dBD-RjUL
_beng
041 _aeng
082 0 0 _a121
_bPRP 1954
100 1 _aPrice, H. H.
_q(Henry Habberley),
_d1899-
_990404
245 0 0 _aPerception /
_cH. H. Price.
260 _aLondon ;
_bMethuen ;
_aNew York :
_bBarnes & Noble Books,
_c1954.
300 _axi, 332 p. :
_c23 cm.
350 _a£4.90 ($16.50 U.S.)
490 0 _aMethuen Library reprints
504 _aIncludes bibliographical references and index.
650 0 _aPerception.
_990405
942 _2ddc
_cBK
999 _c29683
_d29683